000 00258nam a22001097a 4500
008 170116b xxu||||| |||| 00| 0 eng d
020 _a9780323057202
041 _aeng
080 _24TH
_a618.2
245 _aMATERNAL CHILD NURSING CARE
_cPERRY
942 _2udc
_cBK
999 _c2933
_d2933